MARC

LEADER 00000nam0a2200000 4500
001 371325
005 20231102012352.0
035 |a (RuTPU)RU\TPU\retro\28735 
090 |a 371325 
100 |a 20221012d1978 m y0rusy50 ca 
101 0 |a rus 
102 |a RU 
105 |a a j 000zy 
200 1 |a Основы строительного дела и санитарной техники  |e учебник для техникумов  |f А. М. Литинский, Ю. Я. Ицхоки 
210 |a Москва  |c Высшая школа  |d 1978 
215 |a 224 с.  |c ил. 
606 1 |a Строительное дело  |2 stltpush  |3 (RuTPU)RU\TPU\subj\57263  |9 75125 
606 1 |a Санитарная техника  |x Строительство  |2 stltpush  |3 (RuTPU)RU\TPU\subj\53787  |9 71952 
610 1 |a строительные материалы 
610 1 |a здания 
610 1 |a конструкции 
610 1 |a отопление 
610 1 |a вентиляция 
610 1 |a кондиционирование воздуха 
610 1 |a водоснабжение 
610 1 |a канализация 
610 1 |a газоснабжение 
610 1 |a эксплуатация 
610 1 |a торговые здания 
610 1 |a общественное питание 
610 1 |a учебные пособия 
675 |a 69(075.3)  |v 4 
675 |a 69(075.3)  |v 4 
675 |a 696/697(075.3)  |v 4 
700 1 |a Литинский  |b А. М.  |g Александр Моисеевич 
701 1 |a Ицхоки  |b Ю. Я.  |g Юрий Яковлевич 
801 1 |a RU  |b 63413507  |c 20221012 
942 |c BK